000 01354cam a22002891i 4500
003 SA-RiAUC
005 20241010062543.0
008 241009s1999 su g b f000 0 ara c
020 _a9960031047
040 _aSA-RiAUC
_bara
_cSA-RiAUC
_erda
082 0 4 _a412
_qSA-RiAUC
090 _a412
_bا ب ن ح
100 1 _aابن حسين، فاطمة عبد الرحمن رمضان،
_d1370 هجري-
_eمؤلف.
245 1 0 _aظاهرة التآخي في العربية /
_cفاطمة عبد الرحمن رمضان بن حسين.
264 1 _aمكة المكرمة :
_bجامعة أم القرى، معهد البحوث العلمية وإحياء التراث الإسلامي،
_c1999.
300 _a2 مجلد (982 صفحة) ؛
_c24 سم.
336 _aنص
_btxt
_2rdacontent
_3كتاب
337 _aبدون وسيط
_bn
_2rdamedia
338 _aمجلد
_bnc
_2rdacarrier
490 0 _aسلسلة الرسائل العلمية / جامعة أم القرى (مكة المكرمة) ؛
_v26
504 _aببليوجرافية : صفحة 930-958.
650 7 _aاللغة العربية
_xتعبيرات اصطلاحية
_2aucsh
650 7 _aاللغة العربية
_xمترادفات ومناقضات
_2aucsh
650 7 _aاللغة العربية
_xاشتقاق
_2aucsh
942 _2ddc
_cBOOK
_n0
949 _aSA-JeALM
_d241009
_umohamedma123
_n1
999 _c1103
_d1103